MDQL
is popping MORE tags! Check the
thread
!
Quizzes
Events
Quiz Creation
Community
Videos
Private Events
Remove Ads
Sign In
Join for FREE
Feedback
Dark Mode
Quiz Categories
Sports
Geography
Music
Movies
Television
Just For Fun
Miscellaneous
History
Literature
Language
Science
Gaming
Entertainment
Religion
Holiday
For Kids
Quiz Lab
Recent
Popular Today
Quiz Kudos Today
Editor Picks
Curator Picks
Quizzes by...
Day
Popularity
Type
Ratings
Length
Year
Community
Subscriptions
Recent Discussions
Orange Saloon
Badges
Playlists
Quests
Create
Leaderboards
Showdown
Live 5
Trivia Bingo
Activity
Puzzle Library
Sporcle Events
Private Events
Virtual Trivia
Globe League
Become a Host
Pub Owners
SporcleCon
Opinionation
Our Games
Videos
Blog
Mobile Apps
Partnerships
Remove Ads and Go Orange
Feedback
History
US Presidents
World Leaders
Politics
Nation
Discovery
War
Decade
Year
Century
Biography
Art
History
US Presidents
World Leaders
Politics
Nation
Discovery
War
Decade
Year
Century
Biography
Art
Random Quiz
Search Sporcle
×
Quiz Lab
Quiz Lab
History
War
Type in answers that appear in a list
Type in answers that appear in a list
Classic
Best Score? Go Orange.
Vietnam War Terms Stats
Can you name the Vietnam War Terms?
By
TehEntz
12m
49 Questions
103 Plays
103 Plays
103 Plays
Comments
Comments
Give Quiz Kudos
Give Quiz Kudos
-
- Ratings
hide this ad
Forced Order
Answers have to be entered in order
Answers have to be entered in order
Replay
Link that replays current quiz
Next Quiz
Link to next quiz in quiz playlist
You Got
0%
They Got
Avg Score
27%
Avg Friend Score
Upgrade to see
Score Distribution
Jump to the score distribution portion of the page
Score
0/49
Timer
12:00
0
Plays Today
Hint
Answer
% Correct
Founder of the Vietnamese Communist Party/
Leader of North Vietnam
Ho Chi Minh
71.8%
country of Indochina (alphabetical order)
Laos
52.4%
country of Indochina (alphabetical order)
Vietnam
52.4%
country of Indochina (alphabetical order)
Cambodia
51.5%
French colonial empire in SE Asia
French-Indochina
50.5%
group in control of North Vietnam
vietminh
47.6%
SEATO enforces the _
_
_
_
_
_
Doctrine
Truman
46.6%
ruler of North Vietnam (initials)
HCM
46.6%
the Geneva Accords separated Vietnam at the _
_
_
_
_
th parallel
17
41.7%
vietnamese forces loyal to HCM
vietminh
40.8%
theory that caused JFK's advisors to obsess over the war in vietnam being an attempt to spread communism
Domino Theory
39.8%
During the Nixon presidency, bombs were secretly dropped on this country
Cambodia
39.8%
In the Treaty of Versailles, Vietnam was _
_
_
_
_
its independence
denied
39.8%
operation that called for the excessive bombing of northern Vietnam
Operation Rolling Thunder
38.8%
location of a massacre in a theoretical vietcong stronghold
My Lai
36.9%
concept in which the war is given back to the vietnamese to fight an the U.S. begins its withdrawl
vietnamization
35.9%
the name of the South Vietnamese army
Army for the Republic of Vietnam
35%
country-
wide attack on U.S. firebases shortly before new year truce
Tet Offensive
35%
secretary of defense; wanted more bombings because of distorted view of vietnam (applying american production techniques to an Asiam political revolution)
Robert McNamara
34%
battle in which the Vietminh defeated the French (answer, year)
Battle of Dienbienphu, 1954
32%
This war was fought for:
independence
31.1%
derogatory nickname for National Liberation Front
vietcong
31.1%
the formation of a national identity + desire for independence
nationalism
30.1%
year, president during the Gulf of Tonkin Incident
1964, Johnson
30.1%
At the Yalta and Potsdam conferences, FDR and Truman _
_
_
_
Vietnamese independence
supported
29.1%
Hint
Answer
% Correct
Nixon's goal to end the war is known as '_
_
_
_
_
_
_
_
_
_
_
_
_
_
_
_
_
_
_
'
Peace with Honor
23.3%
territorial expansion w/
foreign rule
colonialism
22.3%
SEATO
southeast asian treaty organization
21.4%
ruler of South Vietnam
Ngo Dinh Diem
21.4%
a war in which opposing forces use 3rd parties as opposed to fighting each other directly
proxy war
19.4%
goal = to block communist advances; containment policy
Truman Doctrine
18.4%
An agreement in which U.S. troops would be withdrawn from Vietnam by 1973 (over 4 years) and POWs would be released
Paris Accords
18.4%
_
_
_
_
_
_
_
_
_
said that there was a 'light at the end of the tunnel'
General William Westmoreland
16.5%
an attempt to unify Korea and discuss peace in Indochina
Geneva Conference
15.5%
initials of the leader who prevented the unification elections from taking place
NDD
15.5%
target of this event
Ho Chi Minh Trail
14.6%
1946 War
French-Indochina War
13.6%
location of marine firebase and the major center of defense of the highland region of vietnam;
Pleiku
11.7%
two ships involved in the Gulf of Tonkin incident
USS Turner Joy and Maddox
10.7%
This was was fought between:
French and Vietminh
9.7%
the name of HCM's + communist's army
North Vietnamese Army
8.7%
Nixon's overall plan for Vietnam (including Vietnamization, training of ARVN troops, etc.)
Nixon Doctrine
8.7%
President Johnson's strategy
rural pacification
6.8%
name for this event
Cambodian incursion
6.8%
a domestic event in which National Guardsmen open fired into a crowd od student anti-
war protesters
Kent State Incident
6.8%
During the Paris peace talks, HCM used the decision of the _
_
_
_
_
of the _
_
_
_
_
_
_
_
_
_
_
in order to delay the talks (answer: _
_
_
_
of the _
_
_
_
_
_
_
_
_
_
_
')
shape of the conference table
5.8%
Decision made:
circle
5.8%
A report to JFK that called for an escalation in the war (i.e. more bombing, training of ARVN soldiers, increasing troops, etc.)
Rostow-Taylor Report
4.9%
Member of Kennedy's cabinet (unser scretart of state for economic affairs) who opposed committing further to the conflic
George Ball
4.9%
Quiz Playlist
Details
Report
Send in Message
Add To Playlist
Classic:
Type in answers that appear in a list
Forced Order:
Answers have to be entered in order
Last Updated: Feb 16, 2017
Quiz Scoreboard
CHALLENGE
Sign Up to Join the Scoreboard
Show All
Scores
Hide
Comments
May contain spoilers
Recently Published
5x2 Blitz: Bands
by SL_Kpop136
Music
30s
Colored Red Africa Blitz
by spor1
Geography
30s
Find the 'City' Movie
by crazypaving
Movies
60s
More to Explore
Quiz From the Vault
Featured Blog Post
14 Easter Pick-up Lines to Find Eggs With
hide this ad
You Might Also Like...
Tags
War Quiz
Term
Vietnam
Today's Top Quizzes in History
Browse History
hide this ad
Today's Top Quizzes in War
Browse War
Top Contributed Quizzes in History
1
Popular People in 1991
2
US National Parks Named After People
3
Order Up: 1000 Years of World Events I
4
Popular People in 1981
5
Popular People in 1951
6
Popular People in 1941
7
Popular People in 1986
8
Popular People in 1921
9
Popular People in 1976
10
Magic 10 Blitz: U.S. Presidents
Explore More
Trending Topics
Harry Potter
Kpop
NBA
Marvel
Crossword
Anime
Disney
The Office
NFL
Soccer
Puzzle
Country
Song
WWE
Pokémon
hide this ad
More By:
TehEntz
Quiz
Plays
Rating
Category
Featured
Created
Vietnam War Terms
103
1.00
History
May 30, 2011
Go to Creator's Profile
Score Distribution
Quiz Creator Spotlight
TehEntz
Follow
Send a Message
Quizzes Created
-
Created Quiz Play Count
-
More By This Creator
Popular Quizzes Today
1
Find the 'City' Movie
2
Colored Red Africa Blitz
3
Find the US States - No Outlines Minefield
4
5x2 Blitz: Bands
5
The Countries of the World
6
Find the US States
7
US States
8
9x9 Crossword: Cartoon Network
More History Quizzes
On This Day: October 13th
Published
Trending Quizzes
Colored Red Europe Blitz I
Colored Red Africa Blitz II
Colored Red Europe Blitz II
Colored Red Europe Blitz III
Colored Red Africa Blitz III
Recently Updated
Famous TV Couples
Peacemaker
Champions League XIs: Real Madrid
pecheneg
Largest US Cities 1790-2010
pecheneg
Rides in Walt Disney World
pecheneg
Most Oscar Losses (Acting)
pecheneg
Beyoncé Albums
pecheneg
Leaping Animals
pecheneg
Reality TV Shows (A-Z)
bhenderson79
Rickey Henderson's Hall of Fame Teammates
pecheneg
Champions League XIs: Arsenal
pecheneg
Trending Topics
Kpop
Harry Potter
NBA
Anime
Marvel
Crossword
Disney
The Office
Pokémon
Song
Soccer
NFL
Country
WWE
Puzzle
Your Account Isn't Verified!
In order to create a playlist on Sporcle, you need to verify the email address you used during registration. Go to your
Sporcle Settings
to finish the process.
Report this User
Report this user for behavior that violates our
Community Guidelines
.
Details:
Send Report
Go to the Sporcle.com Mobile Site →
Comments